000 03437nam a22004097a 4500
005 20090102122541.0
010 _a B-349515-519 B-444235-239
020 _c25.00
_a9788182639102
035 _a B-349515-519
035 _aB-444235-239
037 _bप्रथम बुक्स
037 _bबल्यूबैरी
082 _a 510
100 _aमाला कुमार
_937990
245 _aसीखें गणित खुशी-खुशीः1; संख्याएँ /
_cमाला कुमार ; मधुबाला जोशी द्वारा अनुदित
246 _a
_b
260 _aनई दिल्ली
_bप्रथम बुक्स
_c2008
270 _aबी-3/4, प्रथम तल, सफदरज़ंग एन्क्लेव
_bनई दिल्ली
_e110 029
_k011-65684113
_l
_mwww.prathambooks.org
300 _a28.पृ.;
_c23.5सेमी (अजिल्द)
_bसचित्र
490 _a
_937991
500 _a
700 _a
_935389
710 _aजोशी, मधुबाला
_935390
942 _2ddc
_cCH
_mमालाकु
_h510
999 _c21796
_d21796